[Event "ENCI Limburg-open B"]
[Site "Maastricht"]
[Date "2012.05.25"]
[Round "1"]
[White "Persoons, Bart"]
[Black "Gunther, Marcella"]
[Result "1-0"]
[WhiteElo "1760"]
[BlackElo "1937"]
[PlyCount "53"]
[EventDate "2012.05.25"]
[EventType "swiss"]
[EventRounds "7"]
[EventCountry "NED"]
[Source "P.Boonen"]
[SourceDate "2013.01.01"]

1. d4 d5 2. c4 c6 3. Nf3 Nf6 4. Nc3 e6 5. Bg5 h6 6. Bh4 dxc4 7. e4 g5 8. Nxg5
hxg5 9. Bxg5 Be7 10. Bxc4 Nxe4 11. Bxe7 Nxc3 12. Bxd8 Nxd1 13. Bf6 Rh6 14. Bg5
Rg6 15. Bc1 Nxb2 16. Bxb2 Rxg2 17. h4 Kf8 18. h5 Kg8 19. O-O-O Nd7 20. d5 cxd5
21. h6 Kh7 22. Bd3+ f5 23. Rde1 Rxf2 24. Reg1 Nc5 25. Rg7+ Kh8 26. Bc2 Ne4 27.
Rc7+ 1-0

[Event "ENCI Limburg-open B"]
[Site "Maastricht"]
[Date "2012.05.25"]
[Round "1"]
[White "Peter, Laurenz"]
[Black "Koelmans, Jan Willem"]
[Result "0-1"]
[WhiteElo "1880"]
[BlackElo "2027"]
[PlyCount "76"]
[EventDate "2012.05.25"]
[EventType "swiss"]
[EventRounds "7"]
[EventCountry "NED"]
[Source "P.Boonen"]
[SourceDate "2013.01.01"]

1. d4 d5 2. Nf3 Nf6 3. c4 c6 4. g3 dxc4 5. Bg2 b5 6. a4 Bb7 7. O-O e6 8. Ne5
Qb6 9. Be3 Nd5 10. Bf4 Nxf4 11. gxf4 Be7 12. e4 O-O 13. Nc3 f6 14. Ng4 b4 15.
Ne2 Nd7 16. Ne3 Ba6 17. Re1 Rad8 18. Qc1 c3 19. bxc3 bxc3 20. a5 Qc7 21. Qxc3
Rb8 22. Nc2 Rfd8 23. e5 c5 24. Ng3 Bb7 25. Qc4 Nf8 26. Bxb7 Rxb7 27. a6 Rb6 28.
f5 Rc6 29. d5 exd5 30. Qg4 fxe5 31. Ne3 Bf6 32. Reb1 Rb6 33. Nh5 e4 34. Qe2
Bxa1 35. Rxb6 Qxb6 36. Nxd5 Rxd5 37. Qc4 Qb1+ 38. Kg2 Qd3 0-1

[Event "ENCI Limburg-open B"]
[Site "Maastricht"]
[Date "2012.05.25"]
[Round "1"]
[White "Pijlman, Rene"]
[Black "Johnen, Franz"]
[Result "1-0"]
[WhiteElo "1990"]
[BlackElo "1845"]
[PlyCount "105"]
[EventDate "2012.05.25"]
[EventType "swiss"]
[EventRounds "7"]
[EventCountry "NED"]
[Source "P.Boonen"]
[SourceDate "2013.01.01"]

1. e4 c5 2. d3 Nc6 3. f4 d6 4. Nf3 Nf6 5. Be2 e5 6. O-O Be7 7. c3 O-O 8. a4 b6
9. Na3 Bb7 10. Nc2 Qc7 11. Ne3 exf4 12. Nf5 Ne5 13. Bxf4 Ng6 14. Bg5 h6 15. Bd2
Nd7 16. Nxe7+ Nxe7 17. Bf4 Ng6 18. Bg3 Nde5 19. Nd2 Qe7 20. Qb3 Bc6 21. d4 cxd4
22. cxd4 Nd7 23. Qb4 a5 24. Qa3 Rfe8 25. Bxd6 Qh4 26. Bc4 Nf6 27. Qb3 Red8 28.
Bxf7+ Kh7 29. Bg3 Qh5 30. d5 Be8 31. Bxe8 Rxe8 32. Rae1 Qg4 33. Qf3 Qg5 34. Nc4
Rf8 35. Qd3 Nd7 36. e5 Nc5 37. Qd4 Rxf1+ 38. Rxf1 Rf8 39. Rxf8 Nxf8 40. Qf4
Qxf4 41. Bxf4 g5 42. Be3 Nxa4 43. Bxb6 Kg6 44. g4 Kf7 45. Kf2 Ng6 46. e6+ Kf6
47. Bd4+ Ke7 48. b3 Nf4 49. d6+ Kxe6 50. bxa4 h5 51. gxh5 Nxh5 52. Be5 g4 53.
Ke3 1-0

[Event "ENCI Limburg-open B"]
[Site "Maastricht"]
[Date "2012.05.25"]
[Round "1"]
[White "Ramaekers, Philippe"]
[Black "Vaneylen, Urbain"]
[Result "1-0"]
[WhiteElo "1896"]
[BlackElo "1710"]
[PlyCount "105"]
[EventDate "2012.05.25"]
[EventType "swiss"]
[EventRounds "7"]
[EventCountry "NED"]
[Source "P.Boonen"]
[SourceDate "2013.01.01"]

1. e4 e6 2. d4 d5 3. e5 c5 4. c3 Nc6 5. Nf3 Bd7 6. Be2 cxd4 7. cxd4 Qb6 8. O-O
Nge7 9. Na3 Nf5 10. Nc2 Be7 11. a3 O-O 12. b4 Rac8 13. Bd3 Qc7 14. g4 Nh4 15.
Nxh4 Bxh4 16. g5 Ne7 17. Qh5 Ng6 18. Bd2 Be8 19. Ne1 f6 20. Bxg6 Bxf2+ 21. Rxf2
Bxg6 22. Qe2 fxg5 23. Rc1 Qe7 24. Rxf8+ Rxf8 25. Nd3 Be4 26. Nf2 Bf3 27. Qe3 g4
28. Nd3 Qh4 29. Qf2 Qh5 30. Qg3 Qf5 31. Nf4 Qf7 32. h4 Qf5 33. Rc7 h6 34. Rc1
Qf7 35. h5 Qe8 36. Rc7 Rf7 37. Rxf7 Qxf7 38. Ng6 Be2 39. Qf2 Qxf2+ 40. Kxf2 Bd1
41. Kg3 Kf7 42. b5 a6 43. b6 Ke8 44. Bb4 Kf7 45. Bd6 Bc2 46. Ne7 g6 47. Kxg4
Bd1+ 48. Kg3 Bxh5 49. Bc5 Bd1 50. Nc8 Ba4 51. Nd6+ Ke7 52. Nxb7+ Kd7 53. Nd6
1-0

[Event "ENCI Limburg-open B"]
[Site "Maastricht"]
[Date "2012.05.25"]
[Round "1"]
[White "Ringeltaube, Denny"]
[Black "Wlogalski, Olivier"]
[Result "1/2-1/2"]
[WhiteElo "1749"]
[BlackElo "1926"]
[PlyCount "105"]
[EventDate "2012.05.25"]
[EventType "swiss"]
[EventRounds "7"]
[EventCountry "NED"]
[Source "P.Boonen"]
[SourceDate "2013.01.01"]

1. d4 b6 2. Nf3 Bb7 3. e3 e6 4. Bd3 f5 5. b3 Nf6 6. Bb2 Be7 7. Qe2 O-O 8. Nbd2
Ne4 9. c4 Bf6 10. Bc2 Nxd2 11. Qxd2 Na6 12. Bd3 c5 13. Be2 Qe7 14. O-O d6 15.
Rad1 Rad8 16. Qc1 Nc7 17. Rd2 e5 18. dxe5 dxe5 19. Rfd1 e4 20. Bxf6 Qxf6 21.
Ne1 Qe7 22. Nc2 Ne6 23. Na3 a6 24. Nb1 Rxd2 25. Rxd2 Rd8 26. Qd1 Rxd2 27. Qxd2
Kf8 28. h3 Bc6 29. a3 Qc7 30. b4 cxb4 31. Qxb4+ Nc5 32. Nc3 a5 33. Qb1 Na4 34.
Nxa4 Bxa4 35. Qb2 Qc5 36. Qc3 Bd7 37. Qd2 Be6 38. Qb2 a4 39. Qb1 Bxc4 40. Bxc4
Qxc4 41. Qxb6 Qc1+ 42. Kh2 Qxa3 43. Qd8+ Kf7 44. Qd7+ Kf6 45. Qc6+ Kg5 46. Qc7
Kh6 47. h4 Qb2 48. Qf4+ Kg6 49. Qg5+ Kf7 50. Qxf5+ Kg8 51. Qe6+ Kf8 52. Qf5+
Kg8 53. Qe6+ 1/2-1/2

[Event "ENCI Limburg-open B"]
[Site "Maastricht"]
[Date "2012.05.25"]
[Round "1"]
[White "Schubert, Karl"]
[Black "Marinc, Damir"]
[Result "0-1"]
[WhiteElo "1879"]
[BlackElo "2012"]
[PlyCount "74"]
[EventDate "2012.05.25"]
[EventType "swiss"]
[EventRounds "7"]
[EventCountry "NED"]
[Source "P.Boonen"]
[SourceDate "2013.01.01"]

1. d4 Nf6 2. Nf3 d6 3. g3 Nbd7 4. Bg2 c6 5. O-O e5 6. dxe5 dxe5 7. b3 Qc7 8.
Bb2 Bc5 9. c4 O-O 10. Qc2 Re8 11. e4 a5 12. Nc3 Bf8 13. Rad1 Nc5 14. a3 Bg4 15.
h3 Bh5 16. g4 Bg6 17. Nh4 Ne6 18. Ne2 Bc5 19. Nf5 h5 20. gxh5 Bxh5 21. Rd3 Bxe2
22. Qxe2 Nf4 23. Qf3 Nxd3 24. Qxd3 Nh5 25. Qf3 g6 26. Nh6+ Kg7 27. Nf5+ Kh7 28.
Qg4 Bf8 29. Bc1 Rad8 30. Bg5 f6 31. Be3 Qf7 32. Ng3 Rd3 33. Bf3 Bh6 34. Be2 Rd7
35. Nxh5 gxh5 36. Qf5+ Qg6+ 37. Bg4 Rg7 0-1

[Event "ENCI Limburg-open B"]
[Site "Maastricht"]
[Date "2012.05.25"]
[Round "1"]
[White "Snoeks, Pieter Jan"]
[Black "Senders, Mischa"]
[Result "0-1"]
[WhiteElo "1719"]
[BlackElo "1905"]
[PlyCount "48"]
[EventDate "2012.05.25"]
[EventType "swiss"]
[EventRounds "7"]
[EventCountry "NED"]
[Source "P.Boonen"]
[SourceDate "2013.01.01"]

1. d4 Nf6 2. c4 g6 3. Nc3 d5 4. Bf4 Bg7 5. e3 dxc4 6. Bxc4 O-O 7. Nf3 a6 8. Ng5
b5 9. Bb3 Bb7 10. O-O h6 11. Bxf7+ Rxf7 12. Ne6 Qd7 13. Nxc7 Ra7 14. N7xb5 axb5
15. Bxb8 Ra8 16. Bg3 Rff8 17. Qb3+ Kh7 18. Qxb5 Bc6 19. Qd3 Nh5 20. Rfd1 Nxg3
21. hxg3 Ra5 22. Ne2 Rh5 23. Nf4 Rxf4 24. exf4 Rh1+ 0-1

[Event "ENCI Limburg-open B"]
[Site "Maastricht"]
[Date "2012.05.25"]
[Round "1"]
[White "Sofic, Narcis"]
[Black "Armino, Leo"]
[Result "1/2-1/2"]
[WhiteElo "1871"]
[BlackElo "1996"]
[PlyCount "108"]
[EventDate "2012.05.25"]
[EventType "swiss"]
[EventRounds "7"]
[EventCountry "NED"]
[Source "P.Boonen"]
[SourceDate "2013.01.01"]

1. Nf3 d5 2. d4 Nf6 3. c4 e6 4. Nc3 c5 5. cxd5 exd5 6. e3 c4 7. Be2 Nc6 8. O-O
Bb4 9. Bd2 O-O 10. Qc2 Bg4 11. Rfe1 Re8 12. Ng5 Bxe2 13. Rxe2 Bd6 14. Nf3 Ne4
15. h3 Bc7 16. Nxe4 Rxe4 17. a4 Qd6 18. Ree1 h6 19. b3 cxb3 20. Qxb3 Qd7 21.
Kf1 Rb8 22. Rac1 Re6 23. Rc5 Ne7 24. Rec1 Bd6 25. R5c2 b5 26. axb5 Rxb5 27. Qa4
Qb7 28. Ra2 Bb8 29. Ne1 Rc6 30. Rxc6 Qxc6 31. Rc2 Qb7 32. Nd3 Rb1+ 33. Ke2 Qb5
34. Qxb5 Rxb5 35. Bb4 Nf5 36. Ra2 g5 37. Ra6 Kg7 38. Bc5 Rb7 39. Nb4 Rd7 40. g3
h5 41. Nc6 Rb7 42. Nb4 Rd7 43. g4 hxg4 44. hxg4 Nh4 45. Kd3 f5 46. gxf5 Nxf5
47. Nc6 Rb7 48. Ra2 g4 49. Bb4 Kf6 50. Ra5 Rb6 51. Nxb8 Rxb4 52. Nd7+ Ke6 53.
Nc5+ Kf6 54. Nd7+ Ke6 1/2-1/2

[Event "ENCI Limburg-open B"]
[Site "Maastricht"]
[Date "2012.05.25"]
[Round "1"]
[White "Tikanmaki, Heikki"]
[Black "Tuerlinckx, Ben"]
[Result "0-1"]
[WhiteElo "1813"]
[BlackElo "1958"]
[PlyCount "66"]
[EventDate "2012.05.25"]
[EventType "swiss"]
[EventRounds "7"]
[EventCountry "NED"]
[Source "P.Boonen"]
[SourceDate "2013.01.01"]

1. d4 c5 2. d5 g6 3. c4 Bg7 4. Nc3 d6 5. e4 Nf6 6. Nf3 Bg4 7. Be2 Nfd7 8. O-O
O-O 9. Be3 Na6 10. Rc1 Nc7 11. Qd2 Rb8 12. Bh6 a6 13. b3 b5 14. Rb1 Re8 15.
Bxg7 Kxg7 16. Qf4 Bxf3 17. Qxf3 b4 18. Nd1 e5 19. Ne3 Rf8 20. Qg3 Nf6 21. f3
Nh5 22. Qe1 Qg5 23. Ng4 f5 24. h4 Qf4 25. Nh2 Ng3 26. Rf2 Qxh4 27. Bd3 fxe4 28.
Bxe4 Rf4 29. Bc2 Rbf8 30. Rd2 Ne8 31. Qe3 Nf6 32. Nf1 Qh1+ 33. Kf2 Ng4+ 0-1

[Event "ENCI Limburg-open B"]
[Site "Maastricht"]
[Date "2012.05.25"]
[Round "1"]
[White "Van Ginneken, Jeroen"]
[Black "Senders, Justin"]
[Result "0-1"]
[WhiteElo "1718"]
[BlackElo "1902"]
[PlyCount "52"]
[EventDate "2012.05.25"]
[EventType "swiss"]
[EventRounds "7"]
[EventCountry "NED"]
[Source "P.Boonen"]
[SourceDate "2013.01.01"]

1. e4 c5 2. d4 cxd4 3. Nf3 d6 4. c3 dxc3 5. Nxc3 Nc6 6. Bc4 e6 7. O-O Be7 8.
Bf4 Nf6 9. e5 dxe5 10. Nxe5 Nxe5 11. Bxe5 O-O 12. Qf3 Nd7 13. Bf4 Bg5 14. Bd6
Be7 15. Bf4 Qa5 16. Qg3 Qb4 17. Bb3 Nf6 18. Qf3 Bd7 19. Rfe1 Bc6 20. Qe3 Bc5
21. Qc1 Ng4 22. Bg3 Nxf2 23. Bxf2 Qg4 24. Bd5 Bxf2+ 25. Kxf2 exd5 26. Qd2 d4
0-1

[Event "ENCI Limburg-open B"]
[Site "Maastricht"]
[Date "2012.05.25"]
[Round "1"]
[White "Van der Scheur, Dirk"]
[Black "Sanders, Catheleijne"]
[Result "1/2-1/2"]
[WhiteElo "1951"]
[BlackElo "1775"]
[PlyCount "96"]
[EventDate "2012.05.25"]
[EventType "swiss"]
[EventRounds "7"]
[EventCountry "NED"]
[Source "P.Boonen"]
[SourceDate "2013.01.01"]

1. d4 d5 2. c4 c6 3. Nf3 Nf6 4. e3 e6 5. Nbd2 Nbd7 6. Bd3 dxc4 7. Nxc4 c5 8. a4
cxd4 9. exd4 Nb6 10. Nce5 Bb4+ 11. Bd2 Qd6 12. O-O Bxd2 13. Qxd2 O-O 14. Rfc1
Rd8 15. Qg5 Bd7 16. b3 Rac8 17. a5 Nbd5 18. Qh4 h6 19. Nd2 Bc6 20. Ndf3 Nb4 21.
Bc4 Be4 22. Rd1 Nc2 23. Ra4 Nb4 24. g4 Nc6 25. Raa1 Nxe5 26. Nxe5 Qb4 27. Qg3
Bd5 28. Qf4 Qc3 29. f3 Bc6 30. h4 Be8 31. g5 hxg5 32. hxg5 Nd5 33. Bxd5 Rxd5
34. Rac1 Rxd4 35. Rxc3 Rxd1+ 36. Kf2 Rxc3 37. Qb4 Rc2+ 38. Kg3 Rc7 39. Nc4 Rd5
40. f4 Rd3+ 41. Kg4 Bc6 42. Ne5 Rd8 43. Qe1 Rd4 44. Qe3 Rd8 45. Qxa7 Bd5 46.
Qb6 Rdc8 47. b4 Rc1 48. Nd3 R1c7 1/2-1/2

[Event "ENCI Limburg-open B"]
[Site "Maastricht"]
[Date "2012.05.25"]
[Round "1"]
[White "Weber, Bernhard1"]
[Black "Dittmar, Thomas"]
[Result "1-0"]
[WhiteElo "1765"]
[BlackElo "1947"]
[PlyCount "85"]
[EventDate "2012.05.25"]
[EventType "swiss"]
[EventRounds "7"]
[EventCountry "NED"]
[Source "P.Boonen"]
[SourceDate "2013.01.01"]

1. e4 c6 2. d4 d5 3. Nc3 dxe4 4. Nxe4 Nf6 5. Nxf6+ gxf6 6. c3 Bf5 7. Ne2 Nd7 8.
Ng3 Bg6 9. h4 h6 10. h5 Bh7 11. Be3 e6 12. Qd2 Bg8 13. Bd3 Qc7 14. O-O-O f5 15.
Kb1 Nf6 16. Bf4 Bd6 17. Bxh6 Ng4 18. Bg7 Rh7 19. h6 Bxg3 20. fxg3 Qxg3 21. Qg5
Qd6 22. Rd2 Qe7 23. Qf4 O-O-O 24. Re2 Qd7 25. Rh4 Rxg7 26. hxg7 f6 27. Rxg4
fxg4 28. Qxg4 f5 29. Qg6 Bf7 30. Qf6 Re8 31. Qe5 Rg8 32. Bc4 Re8 33. Re3 Bg8
34. Rg3 Qc7 35. Bxe6+ Rxe6 36. Qxe6+ Bxe6 37. g8=Q+ Bxg8 38. Rxg8+ Qd8 39.
Rxd8+ Kxd8 40. Kc2 Ke7 41. Kd3 Kf6 42. Ke3 Kg5 43. Kf3 1-0

[Event "ENCI Limburg-open B"]
[Site "Maastricht"]
[Date "2012.05.25"]
[Round "1"]
[White "Yue, Tim"]
[Black "Ibrahim, Ashraf"]
[Result "0-1"]
[WhiteElo "1931"]
[BlackElo "1749"]
[PlyCount "102"]
[EventDate "2012.05.25"]
[EventType "swiss"]
[EventRounds "7"]
[EventCountry "NED"]
[Source "P.Boonen"]
[SourceDate "2013.01.01"]

1. e4 d5 2. exd5 Qxd5 3. Nc3 Qa5 4. Bc4 Nf6 5. d4 c6 6. Nf3 e6 7. Qe2 Bb4 8.
Bd2 Nd5 9. Nxd5 Bxd2+ 10. Qxd2 Qxd2+ 11. Kxd2 cxd5 12. Bd3 Nc6 13. c3 O-O 14.
Rae1 Bd7 15. Re3 a6 16. h4 b5 17. a3 Rfb8 18. b4 a5 19. Be2 Ne7 20. Ne5 Be8 21.
f4 Nf5 22. Reh3 Nd6 23. Bd3 axb4 24. cxb4 Nc4+ 25. Bxc4 dxc4 26. Rc3 Rd8 27.
Ke3 Rd6 28. Rd1 Rda6 29. Ra1 Ra4 30. d5 exd5 31. Kd4 f6 32. Nf3 Rxb4 33. axb4
Rxa1 34. Kxd5 Rd1+ 35. Nd4 Rd2 36. g3 Rd3 37. Rxd3 cxd3 38. Nf3 Bf7+ 39. Kd6
Kf8 40. Kd7 Bd5 41. Nd2 Kf7 42. f5 Bc4 43. Kd8 g6 44. g4 g5 45. hxg5 fxg5 46.
Ne4 h6 47. Kd7 Bd5 48. Nd6+ Kf6 49. Nxb5 Bf3 50. Nc3 Bxg4 51. b5 Kxf5 0-1

[Event "ENCI Limburg-open B"]
[Site "Maastricht"]
[Date "2012.05.25"]
[Round "1"]
[White "Zegstroo, Martin"]
[Black "Snoeks, Marnicq"]
[Result "0-1"]
[WhiteElo "1891"]
[BlackElo "1706"]
[PlyCount "126"]
[EventDate "2012.05.25"]
[EventType "swiss"]
[EventRounds "7"]
[EventCountry "NED"]
[Source "P.Boonen"]
[SourceDate "2013.01.01"]

1. e4 e5 2. Nc3 Nc6 3. f4 Bc5 4. Nf3 exf4 5. d4 Bb6 6. Bxf4 Nge7 7. Bc4 O-O 8.
O-O d6 9. Nd5 Nxd5 10. Bxd5 Be6 11. Bxe6 fxe6 12. Bg5 Qd7 13. Kh1 Nxd4 14. Nxd4
Rxf1+ 15. Qxf1 Bxd4 16. c3 Be5 17. Qd3 Qf7 18. Be3 Qe7 19. Rd1 b6 20. b3 a5 21.
a4 Rf8 22. c4 Qh4 23. Bg1 Qf4 24. Qe2 Rf6 25. Rd3 Qf1 26. Qxf1 Rxf1 27. g3 Rc1
28. Kg2 Rc3 29. Rxc3 Bxc3 30. Kf3 Kf7 31. Be3 g6 32. Bg5 Bf6 33. Be3 Ke7 34. h3
Kd7 35. Ke2 Bd8 36. Kd3 c6 37. g4 d5 38. exd5 cxd5 39. cxd5 exd5 40. Bf4 Kc6
41. Be5 Be7 42. Kd4 Bc5+ 43. Kd3 Bg1 44. Bg7 b5 45. axb5+ Kxb5 46. Bc3 Bb6 47.
h4 Kc6 48. h5 gxh5 49. gxh5 Kd6 50. Ke2 Ke6 51. Kf3 Kf5 52. Bd2 d4 53. Bc1 Bc5
54. Bd2 Bb4 55. Bc1 d3 56. Ke3 d2 57. Bxd2 Bxd2+ 58. Kxd2 Kg5 59. Ke3 Kxh5 60.
Kf4 Kg6 61. Kg4 Kf6 62. Kf4 h5 63. Kg3 Ke5 0-1

[Event "ENCI Limburg-open B"]
[Site "Maastricht"]
[Date "2012.05.26"]
[Round "2"]
[White "Armino, Leo"]
[Black "Kocur, Marc"]
[Result "1-0"]
[WhiteElo "1996"]
[BlackElo "1871"]
[PlyCount "47"]
[EventDate "2012.05.25"]
[EventType "swiss"]
[EventRounds "7"]
[EventCountry "NED"]
[Source "P.Boonen"]
[SourceDate "2013.01.01"]

1. e4 d6 2. d4 Nf6 3. Nd2 c6 4. f4 Qa5 5. e5 Ne4 6. Qf3 d5 7. f5 e6 8. fxe6
Bxe6 9. Bd3 Nxd2 10. Bxd2 Qb6 11. Ne2 Na6 12. c3 O-O-O 13. b4 Nb8 14. O-O Be7
15. a4 Qc7 16. Nf4 g6 17. Nxe6 fxe6 18. Qh3 Rdf8 19. Qxe6+ Qd7 20. Qxd7+ Kxd7
21. Bh6 Rxf1+ 22. Rxf1 Ke8 23. e6 b6 24. Bf4 1-0

[Event "ENCI Limburg-open B"]
[Site "Maastricht"]
[Date "2012.05.26"]
[Round "2"]
[White "Begri, Felix"]
[Black "Broekhuis, Jan"]
[Result "1-0"]
[WhiteElo "1893"]
[BlackElo "1880"]
[PlyCount "61"]
[EventDate "2012.05.25"]
[EventType "swiss"]
[EventRounds "7"]
[EventCountry "NED"]
[Source "P.Boonen"]
[SourceDate "2013.01.01"]

1. d4 d5 2. c4 e6 3. Nf3 Nf6 4. cxd5 exd5 5. Bg5 Be7 6. Nc3 c6 7. e3 Bf5 8. Bd3
Bxd3 9. Qxd3 Nbd7 10. O-O-O O-O 11. h4 Bb4 12. Kb1 Bxc3 13. Qxc3 Ne4 14. Qc2
Qb6 15. Ne5 Nxe5 16. dxe5 Rfe8 17. f3 Nc5 18. Bf4 Ne6 19. h5 Qc5 20. Qf5 Qe7
21. g4 Nxf4 22. exf4 Qe6 23. Qc2 f6 24. h6 fxe5 25. hxg7 Qg6 26. f5 Qxg7 27. g5
e4 28. f6 Qg6 29. Rh6 Qxg5 30. Qh2 Qf5 31. Qg3+ 1-0

[Event "ENCI Limburg-open B"]
[Site "Maastricht"]
[Date "2012.05.26"]
[Round "2"]
[White "Behr, Rene Christian"]
[Black "Weber, Bernhard1"]
[Result "0-1"]
[WhiteElo "1820"]
[BlackElo "1765"]
[PlyCount "84"]
[EventDate "2012.05.25"]
[EventType "swiss"]
[EventRounds "7"]
[EventCountry "NED"]
[Source "P.Boonen"]
[SourceDate "2013.01.01"]

1. c4 e6 2. g3 d5 3. Bg2 Nf6 4. Nf3 c6 5. Nc3 b6 6. d4 Be7 7. O-O O-O 8. Qa4
Bb7 9. Bf4 dxc4 10. Qxc4 Nd5 11. Nxd5 cxd5 12. Qd3 Ba6 13. Qc2 Qd7 14. Rfe1 Rc8
15. Qd2 Nc6 16. a3 Na5 17. Qd1 Qb5 18. b4 Nc4 19. Bf1 Qd7 20. Qb3 b5 21. e3 Bb7
22. Bd3 h6 23. g4 a5 24. bxa5 Rxa5 25. Reb1 Bc6 26. Qc3 Rca8 27. Bxc4 dxc4 28.
Ne5 Qd5 29. f3 Rxa3 30. Rxa3 Rxa3 31. Qb2 c3 32. Nxc6 Qxc6 33. Qxb5 c2 34. Qb8+
Kh7 35. Rc1 Qxf3 36. Qb2 Qd1+ 37. Kf2 Qd2+ 38. Kg1 Qd1+ 39. Kf2 Bh4+ 40. Bg3
Bxg3+ 41. hxg3 Qd2+ 42. Kf1 Rxe3 0-1

[Event "ENCI Limburg-open B"]
[Site "Maastricht"]
[Date "2012.05.26"]
[Round "2"]
[White "Bieberle, Gerhart"]
[Black "Esser, Thomas"]
[Result "1-0"]
[WhiteElo "1887"]
[BlackElo "1985"]
[PlyCount "81"]
[EventDate "2012.05.25"]
[EventType "swiss"]
[EventRounds "7"]
[EventCountry "NED"]
[Source "P.Boonen"]
[SourceDate "2013.01.01"]

1. d4 c5 2. d5 Nf6 3. c4 e5 4. Nc3 d6 5. e4 Be7 6. Bd3 O-O 7. Nge2 Nh5 8. h3
Bg5 9. g3 Bxc1 10. Qxc1 a6 11. g4 Nf6 12. Qe3 Nbd7 13. f3 Kh8 14. Ng3 g6 15. h4
Ng8 16. O-O-O Qf6 17. Nce2 Re8 18. Rh2 Nf8 19. g5 Qe7 20. h5 Rb8 21. Nc3 Bd7
22. Rf1 f6 23. hxg6 Nxg6 24. Rfh1 fxg5 25. Rxh7+ Qxh7 26. Rxh7+ Kxh7 27. Qxg5
Rf8 28. Nf5 Bxf5 29. exf5 Nf4 30. Bc2 Kh8 31. Ne4 Rf7 32. Nxd6 Rg7 33. Qh4+ Rh7
34. Qe1 Nf6 35. Qxe5 Rh1+ 36. Kd2 Rh2+ 37. Kc3 Ne2+ 38. Kb3 Nd4+ 39. Ka4 Rxc2
40. Qxf6+ Kg8 41. Qg6+ 1-0

[Event "ENCI Limburg-open B"]
[Site "Maastricht"]
[Date "2012.05.26"]
[Round "2"]
[White "Bondarchuk, Vadim"]
[Black "Senders, Mischa"]
[Result "0-1"]
[WhiteElo "1985"]
[BlackElo "1905"]
[PlyCount "98"]
[EventDate "2012.05.25"]
[EventType "swiss"]
[EventRounds "7"]
[EventCountry "NED"]
[Source "P.Boonen"]
[SourceDate "2013.01.01"]

1. e4 c5 2. Nf3 d6 3. d4 cxd4 4. Nxd4 Nf6 5. Nc3 a6 6. Bd3 Nbd7 7. f3 e6 8. Be3
b5 9. Qd2 Bb7 10. O-O-O b4 11. Nce2 d5 12. exd5 Nxd5 13. Bg5 Be7 14. Bxe7 Qxe7
15. h4 O-O 16. Ng3 a5 17. Ne4 a4 18. Ng5 h6 19. Rde1 a3 20. b3 Qf6 21. Be4 Rfd8
22. Bxd5 Bxd5 23. Ne4 Bxe4 24. Rxe4 e5 25. Ne2 Nc5 26. Qxb4 Nxe4 27. Qxe4 Rac8
28. c4 Qd6 29. Qe3 f5 30. Nc3 Qe7 31. Kb1 Re8 32. Nd5 Qf7 33. Qc1 Qg6 34. Qc2
e4 35. fxe4 fxe4 36. Re1 Re5 37. Nc3 Rce8 38. Nd5 Qg3 39. Rh1 e3 40. Qe2 Qf2
41. Nc3 Rd8 42. Rf1 Qxe2 43. Nxe2 Rd2 44. Re1 Rf5 45. Nc1 Re5 46. Ne2 Rb2+ 47.
Ka1 Rf5 48. Nc1 e2 49. Nd3 Rf1 0-1

[Event "ENCI Limburg-open B"]
[Site "Maastricht"]
[Date "2012.05.26"]
[Round "2"]
[White "Coenen, Bert"]
[Black "Persoons, Bart"]
[Result "1-0"]
[WhiteElo "1835"]
[BlackElo "1760"]
[PlyCount "81"]
[EventDate "2012.05.25"]
[EventType "swiss"]
[EventRounds "7"]
[EventCountry "NED"]
[Source "P.Boonen"]
[SourceDate "2013.01.01"]

1. d4 Nf6 2. Nf3 d5 3. Bg5 Ne4 4. Bh4 c6 5. Nbd2 Qb6 6. Rb1 Bf5 7. e3 e6 8.
Nxe4 dxe4 9. Nd2 Qc7 10. Bg3 Bd6 11. Bxd6 Qxd6 12. Be2 Nd7 13. c3 O-O 14. Qc2
Nf6 15. Rd1 Qc7 16. h3 c5 17. dxc5 Qxc5 18. O-O Rfd8 19. Nb3 Qc7 20. Rd4 Rd5
21. Rfd1 Rad8 22. c4 Rxd4 23. Rxd4 a6 24. Qd2 Rxd4 25. Qxd4 e5 26. Qd2 Qd7 27.
Qa5 Qe7 28. Nc5 h5 29. Qb4 Bc8 30. Nxa6 Qe6 31. Nc7 Qf5 32. Nd5 Nxd5 33. cxd5
Qg5 34. Kh2 Qf5 35. f3 exf3 36. Bxf3 Qg5 37. Qc3 Bf5 38. e4 Qf4+ 39. Kg1 Bxh3
40. gxh3 Qg3+ 41. Bg2 1-0

[Event "ENCI Limburg-open B"]
[Site "Maastricht"]
[Date "2012.05.26"]
[Round "2"]
[White "Corvers, John"]
[Black "Huebben, Dominik"]
[Result "1-0"]
[WhiteElo "1787"]
[BlackElo "1820"]
[PlyCount "159"]
[EventDate "2012.05.25"]
[EventType "swiss"]
[EventRounds "7"]
[EventCountry "NED"]
[Source "P.Boonen"]
[SourceDate "2013.01.01"]

1. d4 d6 2. c4 e5 3. dxe5 dxe5 4. Qxd8+ Kxd8 5. Nf3 f6 6. e4 Be6 7. Be3 Nd7 8.
Nc3 c6 9. O-O-O Kc7 10. Be2 a5 11. b3 Bb4 12. Kb2 Nc5 13. Nd5+ cxd5 14. exd5
Bf5 15. a3 Bxa3+ 16. Kxa3 Kd6 17. Kb2 Ne7 18. Ne1 b6 19. Nc2 Bg6 20. Na3 Be8
21. Nb1 Nf5 22. Bxc5+ bxc5 23. Nc3 Nd4 24. Ne4+ Kc7 25. Rd2 Kb6 26. Ra1 Bd7 27.
Kc3 Ra6 28. Bd1 Rha8 29. Rda2 f5 30. Ng5 h6 31. Nf7 e4 32. Ne5 Be8 33. Rd2 Kc7
34. Rxd4 Kd6 35. f4 cxd4+ 36. Kxd4 Rb8 37. c5+ Ke7 38. Be2 Rb4+ 39. Bc4 Bb5 40.
Kc3 Bxc4 41. bxc4 Rb8 42. Kd4 a4 43. c6 a3 44. c7 Rc8 45. c5 Ra4+ 46. Kc3 Ra6
47. Rd1 Rxc7 48. d6+ Kd8 49. dxc7+ Kxc7 50. Kb3 g5 51. g3 e3 52. Ra1 gxf4 53.
gxf4 e2 54. Nd3 Rg6 55. Kxa3 Rg2 56. Re1 Rxh2 57. Kb3 Rh3 58. Kc2 Re3 59. Kd2
Re8 60. Rxe2 Rh8 61. Ke3 h5 62. Kf3 h4 63. Kg2 Rg8+ 64. Kf2 Kc6 65. Re5 Rg3 66.
Re3 Rg8 67. Rh3 Rh8 68. Ke3 Kd5 69. Kf3 Kd4 70. Ne5 Kxc5 71. Ng6 Ra8 72. Nxh4
Ra3+ 73. Kg2 Ra2+ 74. Kg3 Ra3+ 75. Nf3 Kd5 76. Kh4 Ra8 77. Kg5 Rf8 78. Nd2 Kd4
79. Kg6 Kc5 80. Rh5 1-0

[Event "ENCI Limburg-open B"]
[Site "Maastricht"]
[Date "2012.05.26"]
[Round "2"]
[White "Dijkhuis, Sven"]
[Black "Loose, Rob"]
[Result "1-0"]
[WhiteElo "1712"]
[BlackElo "1970"]
[PlyCount "69"]
[EventDate "2012.05.25"]
[EventType "swiss"]
[EventRounds "7"]
[EventCountry "NED"]
[Source "P.Boonen"]
[SourceDate "2013.01.01"]

1. e4 Nf6 2. e5 Nd5 3. c4 Nb6 4. c5 Nd5 5. d4 d6 6. cxd6 cxd6 7. exd6 Qxd6 8.
Nc3 Nxc3 9. bxc3 g6 10. Nf3 Bg7 11. Bc4 O-O 12. O-O Nc6 13. a4 Bg4 14. Qd3 Bxf3
15. Qxf3 Nxd4 16. cxd4 Qxd4 17. Be3 Qxc4 18. Rab1 b6 19. a5 bxa5 20. Qb7 Bf6
21. Rfc1 Qe2 22. Re1 Qa2 23. Bxa7 Rfd8 24. Bb6 Rdb8 25. Qe4 Ra6 26. Be3 Rb4 27.
Rxb4 axb4 28. Qxb4 Qa5 29. Qb8+ Kg7 30. Qb1 Qxe1+ 31. Qxe1 Ra1 32. Bc1 Kg8 33.
Qd2 h6 34. h4 Bxh4 35. Kh2 1-0

[Event "ENCI Limburg-open B"]
[Site "Maastricht"]
[Date "2012.05.26"]
[Round "2"]
[White "Dijkstra, Hidde"]
[Black "Holwijn, Melvin"]
[Result "0-1"]
[WhiteElo "1665"]
[BlackElo "2025"]
[PlyCount "92"]
[EventDate "2012.05.25"]
[EventType "swiss"]
[EventRounds "7"]
[EventCountry "NED"]
[Source "P.Boonen"]
[SourceDate "2013.01.01"]

1. e4 e5 2. Nf3 Nf6 3. Nxe5 d6 4. Nf3 Nxe4 5. Nc3 Nxc3 6. dxc3 Be7 7. Be3 Nc6
8. Qd2 O-O 9. O-O-O Bf5 10. Be2 Qe8 11. Rdg1 Ne5 12. Nd4 Qd7 13. f4 Ng4 14. Kb1
Rfe8 15. Nxf5 Qxf5 16. Bd3 Qa5 17. h3 Nxe3 18. Qxe3 Bf6 19. Qf2 Qb6 20. Qxb6
axb6 21. Re1 d5 22. c4 d4 23. Be4 c6 24. Bf3 g6 25. a3 Re3 26. Rxe3 dxe3 27.
Re1 Re8 28. c3 Bh4 29. Re2 Bg3 30. f5 gxf5 31. b4 f4 32. Kc2 Re5 33. a4 Kf8 34.
b5 Rc5 35. Kb3 Ke7 36. Kb4 Kd6 37. Rc2 Re5 38. Re2 Re6 39. Bg4 Rf6 40. Ra2 Be1
41. a5 bxa5+ 42. Rxa5 c5+ 43. Kb3 Bd2 44. b6 f3 45. Bxf3 Rxf3 46. gxf3 e2 0-1